Tesoro de escritores místicos españoles publicado bajo la dirección de Don Eugenio de Ochoa, de la Academia Española

Detalles Bibliográficos
Otros Autores: Ochoa, Eugenio de, 1815-1872, ed, Teresa de Jesús, santa, 1515-1582, Venegas, Alejo, 1498?-1562. Agonía del tránsito de la muerte, Juan de Ávila, santo, 1499-1569. Esposicion del verso, Audi, filia, et vide, Granada, Luis de, O. P., 1504-1588. Las meditaciones y la guia de pecadores, Juan de la Cruz, santo, 1542-1591. Cartas, Juan de la Cruz, santo, 1542-1591. Sentencias espirituales, Juan de la Cruz, santo, 1542-1591. Llama de amor viva, Juan de la Cruz, santo, 1542-1591. Poesías, Diego de Estella, O. F. M., 1524-1578. De la vanidad del mundo, Diego de Estella, O. F. M., 1524-1578. Meditaciones, León, Luis de, O. S. A., 1527-1591. La perfecta casada, León, Luis de, O. S. A., 1527-1591. Poesías, Malón de Chaide, Pedro, ca. 1530-1589. Tratado de la Magdalena, Malón de Chaide, Pedro, ca. 1530-1589. Sermón de Orígenes, Nieremberg, Juan Eusebio, S. J., 1595-1658. Diferencia entre lo temporal y eterno
Formato: Libro
Lenguaje:Spanish
Publicado: París : Baudry, Librería Europea, 1847.
Serie editorial:Colección de los mejores autores españoles ; 42-44
Materias:
Colección:Banco de datos
Acervo:Seminario Conciliar de Nuestra Señora de Guadalupe Querétaro. Qro.. Biblioteca Florencio Rosas. Fondo Histórico
Descripción Física:3 t. : il. ; 22 cm.
Tema general:Mística
Varin, Adolphe, 1821-1897, grab.
Notas:Texto con signaturas y notas a pie de página. Colofón: Paris. En la imprenta de Fain y Thunot, calle Racine, 28, cerca del Odeon. Cada tomo con portada general, portada propia y paginación propias. Los t. 1-3 publicados en 1847. Paginación: t. 1 XVI, 301, 538 p. + [1] h. de grab.; t. 2 [3] h., 579 p. + [1] h. de grab.; t. 3 [3] h., 559 p. + [1] h. de grab. Incluye retrato de Santa Teresa en grabado litográfico realizado por P. A. Varin (6463-6465). Incluye retrato de San Juan de la Cruz en grabado litográfico realizado por P. A. Varin (6466-6467). Incluye retrato de Fray Luis de León en grabado litográfico realizado por P. A. Varin (6468-6471). Encuadernación en piel estilo romántico (6463-6470). Encuadernación en piel estilo clásico (6471). Ex libris manuscrito en el verso de la guarda anterior: "Onésimo Chávez" (6469). Ex libris en estampa en el verso de la tapa superior del Sr. Presbítero Leandro Ignacio González (6463, 6467-6468). Ex libris en estampa en el verso de la tapa superior de El libro de Concha, Querétaro (6463-6464, 6466-6468, 6471). Sello en tinta de la Biblioteca del Seminario, Querétaro (6463, 6467-6468). Sello en tinta (ilegible) (6470). Daños de humedad (6464, 6469-6470). Daños en la encuadernación, falta lomo, tapas y hojas desprendidas (6463). Daños en la encuadernación, faltan fragmentos del lomo (6469-6470). Daños en la encuadernación, falta tapa superior (6470). Testigo entre las p. 58-59: nota manuscrita (6466)
LEADER 03753nam a22003850004500
035 |a 2559 
041 0 |a spa 
245 1 0 |a Tesoro de escritores místicos españoles publicado bajo la dirección de Don Eugenio de Ochoa, de la Academia Española 
260 |a París : Baudry, Librería Europea, 1847.  
300 |a 3 t. : il. ; 22 cm.  
440 0 |a Colección de los mejores autores españoles ; 42-44 
500 |a Texto con signaturas y notas a pie de página. Colofón: Paris. En la imprenta de Fain y Thunot, calle Racine, 28, cerca del Odeon. Cada tomo con portada general, portada propia y paginación propias. Los t. 1-3 publicados en 1847. Paginación: t. 1 XVI, 301, 538 p. + [1] h. de grab.; t. 2 [3] h., 579 p. + [1] h. de grab.; t. 3 [3] h., 559 p. + [1] h. de grab. Incluye retrato de Santa Teresa en grabado litográfico realizado por P. A. Varin (6463-6465). Incluye retrato de San Juan de la Cruz en grabado litográfico realizado por P. A. Varin (6466-6467). Incluye retrato de Fray Luis de León en grabado litográfico realizado por P. A. Varin (6468-6471). Encuadernación en piel estilo romántico (6463-6470). Encuadernación en piel estilo clásico (6471). Ex libris manuscrito en el verso de la guarda anterior: "Onésimo Chávez" (6469). Ex libris en estampa en el verso de la tapa superior del Sr. Presbítero Leandro Ignacio González (6463, 6467-6468). Ex libris en estampa en el verso de la tapa superior de El libro de Concha, Querétaro (6463-6464, 6466-6468, 6471). Sello en tinta de la Biblioteca del Seminario, Querétaro (6463, 6467-6468). Sello en tinta (ilegible) (6470). Daños de humedad (6464, 6469-6470). Daños en la encuadernación, falta lomo, tapas y hojas desprendidas (6463). Daños en la encuadernación, faltan fragmentos del lomo (6469-6470). Daños en la encuadernación, falta tapa superior (6470). Testigo entre las p. 58-59: nota manuscrita (6466) 
505 0 0 |a t. 1 Obras escogidas de Santa Teresa de Jesús con su vida por Fray Diego de Yepes.-- t. 2 Obras escogidas de Alejo Venegas, Juan de Ávila, Luis de Granada, San Juan de la Cruz.-- t. 3 Obras escogidas de Fray Diego de Estella, Fray Luis de León, Fray Pedro Malón de Chaide, el Padre Eusebio Nieremberg, Poesías espirituales 
650 1 0 |a Mística 
650 1 0 |a Varin, Adolphe, 1821-1897, grab. 
700 1 |a Ochoa, Eugenio de, 1815-1872, ed.  
700 1 |a Teresa de Jesús, santa, 1515-1582  
700 1 |a Venegas, Alejo, 1498?-1562. Agonía del tránsito de la muerte 
700 1 |a Juan de Ávila, santo, 1499-1569. Esposicion del verso, Audi, filia, et vide 
700 1 |a Granada, Luis de, O. P., 1504-1588. Las meditaciones y la guia de pecadores  
700 1 |a Juan de la Cruz, santo, 1542-1591. Cartas 
700 1 |a Juan de la Cruz, santo, 1542-1591. Sentencias espirituales 
700 1 |a Juan de la Cruz, santo, 1542-1591. Llama de amor viva 
700 1 |a Juan de la Cruz, santo, 1542-1591. Poesías 
700 1 |a Diego de Estella, O. F. M., 1524-1578. De la vanidad del mundo  
700 1 |a Diego de Estella, O. F. M., 1524-1578. Meditaciones 
700 1 |a León, Luis de, O. S. A., 1527-1591. La perfecta casada 
700 1 |a León, Luis de, O. S. A., 1527-1591. Poesías 
700 1 |a Malón de Chaide, Pedro, ca. 1530-1589. Tratado de la Magdalena 
700 1 |a Malón de Chaide, Pedro, ca. 1530-1589. Sermón de Orígenes 
700 1 |a Nieremberg, Juan Eusebio, S. J., 1595-1658. Diferencia entre lo temporal y eterno 
949 |a Fondo Histórico: t. 1 (6463, 6464, 6465); t. 2 (6466, 6467); t. 3 (6468, 6469, 6470, 6471) 
942 |c Q.R.H.T 
943 |g Seminario Conciliar de Nuestra Señora de Guadalupe Querétaro. Qro.. Biblioteca Florencio Rosas. Fondo Histórico 
999 |c 1084014  |d 1084014